[Event "Tournament 14471 - Europe Echecs"]
[Site "Europe Echecs"]
[Date "2020.07.09"]
[Round "9"]
[Time "18:23:23"]
[PlyCount "99"]
[White "FischlerOscar"]
[Black "VanDenBrandeNo"]
[WhiteElo "1864"]
[BlackElo "1931"]
[Mode "WEB"]
[Result "0-1"]

1. Nf3 c5 2. c4 Nc6 3. Nc3 g6 4. g3 Bg7 5. Bg2 Nf6 6. O-O O-O 7. d4 cxd4 8. Nxd4
Nxd4 9. Qxd4 d6 10. Qd3 Qa5 11. Nd5 Nxd5 12. Qxd5 Qc7 13. Rb1 Rb8 14. b3 Be6 15.
Qd2 a6 16. Bb2 Bxb2 17. Rxb2 b5 18. cxb5 axb5 19. Rc1 Qa7 20. Rbc2 Rfc8 21.
Rxc8+ Rxc8 22. Rxc8+ Bxc8 23. Qc2 Bd7 24. e3 Qa5 25. Kf1 Bf5 26. e4 Bd7 27. Ke2
Bg4+ 28. f3 Bd7 29. Bf1 Qb6 30. b4 Qg1 31. Qc7 Qxh2+ 32. Kd1 Qg1 33. Ke2 Be6 34.
Qb8+ Kg7 35. Qxb5 Qh2+ 36. Ke3 Qg1+ 37. Ke2 Qh2+ 38. Ke3 Qxa2 39. Be2 Qb3+ 40.
Kf2 Qb2 41. Ke3 Qc3+ 42. Kf2 Qd4+ 43. Kg2 Qd2 44. Kf2 Bb3 45. Qd3 Qxb4 46. Bd1
Qc5+ 47. Kg2 Bc4 48. Qc3+ f6 49. Bc2 Bf1+ {FischlerOscar a abandonné} 0-1

[Event "Tournament 14471 - Europe Echecs"]
[Site "Europe Echecs"]
[Date "2020.07.09"]
[Round "9"]
[Time "18:23:23"]
[PlyCount "113"]
[White "TrevisiolAntoi"]
[Black "BreuilTristan"]
[WhiteElo "1788"]
[BlackElo "1898"]
[Mode "WEB"]
[Result "0-1"]

1. d4 Nf6 2. c4 e6 3. Nf3 b6 4. g3 Bb7 5. Bg2 Be7 6. O-O O-O 7. Nc3 d6 8. Qc2
Na6 9. e4 d5 10. cxd5 exd5 11. e5 Ne4 12. Nd2 Nb4 13. Qd1 Nxd2 14. Qxd2 c6 15.
a3 Na6 16. b4 Nc7 17. Bb2 Re8 18. Rac1 Rc8 19. Ne2 Na6 20. Rfd1 h6 21. Nc3 Nc7
22. f4 Ne6 23. Kh1 a6 24. Na4 b5 25. Nc3 a5 26. Na2 axb4 27. Nxb4 Bxb4 28. axb4
Qb6 29. Rf1 Qd8 30. f5 Qg5 31. Qe2 Nf8 32. f6 gxf6 33. Qf2 Nh7 34. exf6 Re6 35.
Bh3 Rxf6 36. Qe2 Rd8 37. Rxf6 Nxf6 38. Rf1 Re8 39. Qf3 Kg7 40. Bc1 Qg6 41. Bf5
Qh5 42. Qxh5 Nxh5 43. Bg4 Nf6 44. Bxh6+ Kxh6 45. Rxf6+ Kg7 46. Rf2 Re4 47. Bf5
Rxd4 48. Rb2 Rc4 49. g4 d4 50. Kg2 c5+ 51. Kg3 Rc3+ 52. Kf2 c4 53. h4 Rf3+ 54.
Ke2 Rh3 55. Ke1 Rh1+ 56. Kd2 c3+ {TrevisiolAntoi a abandonné} 0-1

[Event "Tournament 14471 - Europe Echecs"]
[Site "Europe Echecs"]
[Date "2020.07.09"]
[Round "9"]
[Time "18:23:23"]
[PlyCount "107"]
[White "MenouxJoachim"]
[Black "SchippkeManon"]
[WhiteElo "1627"]
[BlackElo "1873"]
[Mode "WEB"]
[Result "0-1"]

1. d4 Nf6 2. c4 g6 3. Nc3 d5 4. cxd5 Nxd5 5. Bd2 Bg7 6. e4 Nb6 7. Be3 O-O 8. Be2
Nc6 9. Nf3 Bg4 10. d5 Na5 11. Bxb6 axb6 12. O-O c6 13. Rc1 Bxf3 14. Bxf3 Nc4 15.
Qb3 Nd2 16. Qb4 Nxf1 17. Kxf1 Bxc3 18. Rxc3 Rxa2 19. g3 cxd5 20. exd5 Qd6 21.
Qb3 Raa8 22. Kg2 Rac8 23. Rd3 Rc5 24. Be4 Rfc8 25. Rd2 Rc1 26. h4 Re1 27. Bf3
Rcc1 28. Rd1 Rcxd1 29. Bxd1 Qe5 30. Bf3 Rb1 31. Qxb6 Rxb2 32. Qc5 b6 33. Qc1 Qd4
34. Qe1 b5 35. Be4 b4 36. Bf3 b3 37. Be4 Rd2 38. Bf3 b2 39. Kh3 Qxf2 40. Qxe7
Qxf3 41. Qe8+ Kg7 42. Qe5+ Qf6 43. Qe1 Qf5+ 44. g4 Qf3+ 45. Qg3 Qxg3+ 46. Kxg3
b1=Q 47. h5 Qg1+ 48. Kf4 Qe1 49. h6+ Kxh6 50. g5+ Kg7 51. d6 Rf2+ 52. Kg4 Qg1+
53. Kh4 Rh2# {MenouxJoachim est échec et mat} 0-1

[Event "Tournament 14471 - Europe Echecs"]
[Site "Europe Echecs"]
[Date "2020.07.09"]
[Round "9"]
[Time "18:23:23"]
[PlyCount "39"]
[White "LesueurGabriel"]
[Black "ChouvaevKominD"]
[WhiteElo "1906"]
[BlackElo "1637"]
[Mode "WEB"]
[Result "0-1"]

1. e4 c5 2. d4 cxd4 3. Nf3 a6 4. c3 dxc3 5. Nxc3 Nc6 6. Bc4 b5 7. Bd5 Bb7 8. Bf4
Nf6 9. e5 Nxd5 10. Nxd5 e6 11. Bg5 Qa5+ 12. Nc3 b4 13. Ne4 Nxe5 14. Nd6+ Bxd6
15. Qxd6 Nxf3+ 16. gxf3 Qxg5 17. Rd1 Bxf3 18. Qxd7+ Kf8 19. Rc1 Qxc1+ {LesueurGabriel a abandonné} 0-1

[Event "Tournament 14471 - Europe Echecs"]
[Site "Europe Echecs"]
[Date "2020.07.09"]
[Round "9"]
[Time "18:23:23"]
[PlyCount "96"]
[White "ValleeLouis"]
[Black "SuspeneJacques"]
[WhiteElo "1864"]
[BlackElo "1610"]
[Mode "WEB"]
[Result "1-0"]

1. d4 d6 2. c4 e5 3. d5 f5 4. Nc3 Nf6 5. Nf3 Be7 6. g3 O-O 7. Bg2 Nbd7 8. O-O a5
9. Qc2 Nc5 10. Re1 Qe8 11. Nh4 Ng4 12. h3 Bxh4 13. hxg4 Be7 14. gxf5 Bxf5 15. e4
Bg4 16. Be3 Nd7 17. Nb5 Rc8 18. Qd2 Bd8 19. a3 Qh5 20. b4 axb4 21. axb4 Bf3 22.
Ra7 Rb8 23. c5 Rf6 24. Bxf3 Qxf3 25. Qe2 Qxe4 26. Bg5 Qxe2 27. Rxe2 Rf3 28. Bxd8
Rxd8 29. Rxb7 dxc5 30. Nxc7 cxb4 31. Ne6 Rb8 32. Rxd7 b3 33. Rxg7+ Kh8 34. Rb2
Rc3 35. Rc7 Rxc7 36. Nxc7 Kg7 37. Kg2 Kf7 38. Kf3 Ke7 39. Ke4 Kd7 40. Ne6 Kd6
41. Ng5 Rb4+ 42. Kd3 Kxd5 43. Nxh7 Rb7 44. Nf6+ Ke6 45. Ne4 Kd5 46. Nd2 Rf7 47.
Ke3 e4 48. Rxb3 {SuspeneJacques a perdu au temps} 1-0

[Event "Tournament 14471 - Europe Echecs"]
[Site "Europe Echecs"]
[Date "2020.07.09"]
[Round "9"]
[Time "18:23:23"]
[PlyCount "58"]
[White "OkhanianGiorgi"]
[Black "GresserBaptist"]
[WhiteElo "1490"]
[BlackElo "1791"]
[Mode "WEB"]
[Result "1-0"]

1. e4 d5 2. exd5 Nf6 3. Nf3 Qxd5 4. Nc3 Qa5 5. d4 Nc6 6. Bf4 Bg4 7. Be2 O-O-O 8.
O-O Bxf3 9. Bxf3 Nxd4 10. Be3 Nxf3+ 11. Qxf3 e6 12. Rad1 Bd6 13. Bd4 e5 14. Qf5+
Kb8 15. h3 Qb4 16. a3 Qc4 17. Bxe5 Qc5 18. Rfe1 Rhe8 19. b4 Rxe5 20. Qxe5 Qc4
21. Nb5 Qc6 22. Nxd6 cxd6 23. Qg3 Ne4 24. Qxg7 Qxc2 25. Qxf7 Rc8 26. Rd4 Nc3 27.
Re7 Ne2+ 28. Kh2 Qc1 29. Rxb7+ {GresserBaptist a abandonné} 1-0

[Event "Tournament 14471 - Europe Echecs"]
[Site "Europe Echecs"]
[Date "2020.07.09"]
[Round "9"]
[Time "18:23:23"]
[PlyCount "91"]
[White "VuDinhAdrien"]
[Black "FondratJohan"]
[WhiteElo "1740"]
[BlackElo "1509"]
[Mode "WEB"]
[Result "0-1"]

1. e4 c5 2. Nc3 Nc6 3. f4 d6 4. Nf3 g6 5. Bc4 Bg7 6. O-O Nf6 7. d3 O-O 8. Qe1
Bg4 9. Qg3 Bxf3 10. Qxf3 Nd4 11. Qf2 e6 12. Be3 Ng4 13. Qd2 Nxe3 14. Qxe3 Nxc2
15. Qg3 Nxa1 16. Rxa1 a6 17. a4 b6 18. Rf1 Re8 19. f5 Kh8 20. fxg6 fxg6 21. Rf7
Re7 22. Rf3 Qd7 23. Qh3 b5 24. axb5 axb5 25. Bxb5 Bd4+ 26. Kf1 Ra1+ 27. Ke2 Qd8
28. Qh4 Bxc3 29. bxc3 Ra2+ 30. Ke3 d5 31. Qf6+ Kg8 32. Rf4 d4+ 33. Kf3 Rb2 34.
Bc4 Qe8 35. cxd4 cxd4 36. Qxd4 g5 37. Rf5 Qh5+ 38. Kg3 Qh4+ 39. Kf3 Qh5+ 40. Kg3
Qh4+ 41. Kf3 g4+ 42. Kf4 Qxh2+ 43. g3 Rf2+ 44. Kxg4 Rg7+ 45. Rg5 h5# {VuDinhAdrien est échec et mat} 0-1

[Event "Tournament 14471 - Europe Echecs"]
[Site "Europe Echecs"]
[Date "2020.07.09"]
[Round "9"]
[Time "18:23:23"]
[PlyCount "102"]
[White "SivasankaranSa"]
[Black "DameAxel"]
[WhiteElo "1216"]
[BlackElo "1709"]
[Mode "WEB"]
[Result "1-0"]

1. e4 c5 2. Nf3 g6 3. d4 cxd4 4. Nxd4 Bg7 5. Nc3 Nc6 6. Be3 Nf6 7. f3 O-O 8. Qd2
d6 9. Be2 a6 10. O-O Nxd4 11. Bxd4 Be6 12. a3 b5 13. Be3 Qc7 14. Bh6 Rfc8 15.
Bd3 Bh8 16. Rad1 Nd7 17. f4 Qc5+ 18. Kh1 b4 19. axb4 Qxb4 20. Nd5 Bxd5 21. Qxb4
Rab8 22. Qa4 Nc5 23. Qa5 Ba8 24. f5 Rxb2 25. fxg6 hxg6 26. Bc4 Bf6 27. e5 dxe5
28. Rd8+ Rxd8 29. Qxd8+ Kh7 30. Qxa8 Rxc2 31. Qf8 Rxc4 32. Qxf7+ Kxh6 33. Qxc4
Nd7 34. Qxa6 e4 35. Qe6 Ne5 36. h4 e3 37. Rxf6 exf6 38. Qxf6 Ng4 39. Qg5+ Kg7
40. Qxg4 Kh7 41. Qe4 e2 42. Qxe2 Kh6 43. Qg4 Kh7 44. Qg5 Kg7 45. h5 Kf7 46.
Qxg6+ Ke7 47. h6 Kd7 48. h7 Kc7 49. h8=Q Kb7 50. Qhh7+ Ka8 51. Qgg8# {DameAxel est échec et mat} 1-0

[Event "Tournament 14471 - Europe Echecs"]
[Site "Europe Echecs"]
[Date "2020.07.09"]
[Round "9"]
[Time "18:23:23"]
[PlyCount "142"]
[White "VilleneuveRobi"]
[Black "MarcheNael"]
[WhiteElo "1662"]
[BlackElo "1566"]
[Mode "WEB"]
[Result "1-0"]

1. e4 c5 2. d4 cxd4 3. c3 d3 4. Bxd3 d6 5. c4 Nf6 6. Nc3 e6 7. Nf3 h6 8. Be3 Nc6
9. Qe2 Be7 10. O-O O-O 11. Rfd1 Qc7 12. Rac1 Bd7 13. Bb1 Rac8 14. h3 a6 15. Bf4
Rfd8 16. c5 e5 17. cxd6 Bxd6 18. Be3 Be6 19. Nd5 Qb8 20. Nxf6+ gxf6 21. Bxh6 Kh7
22. Be3 Rg8 23. Nh4 Rg7 24. Qh5+ Kg8 25. Nf5 Bxf5 26. exf5 Rh7 27. Qg4+ Kh8 28.
Rc3 Rg8 29. Qf3 Bb4 30. Rcd3 Qe8 31. Rd7 Nd4 32. Qxb7 Rhg7 33. Be4 Ne2+ 34. Kf1
Nf4 35. Bxf4 exf4 36. Qxb4 Qe5 37. Qd4 Qb5+ 38. Qd3 Qxb2 39. Rd8 Qxa2 40. Rxg8+
Rxg8 41. Qf3 Qc4+ 42. Kg1 Qc7 43. Re1 Rg7 44. Bd5 Qb8 45. Qc3 Qd6 46. Qf3 Qb8
47. Re7 Kg8 48. Qb3 Qf8 49. Qb7 a5 50. Qd7 Kh7 51. Rxf7 Rxf7 52. Qxf7+ Qxf7 53.
Bxf7 a4 54. Kf1 Kh6 55. Ke2 Kg5 56. Be6 a3 57. Kf3 a2 58. Bxa2 Kxf5 59. h4 Ke5
60. Bb1 f5 61. h5 Kf6 62. Kxf4 Kg7 63. Kxf5 Kh6 64. g4 Kh7 65. g5 Kg7 66. g6 Kg8
67. Kf6 Kf8 68. g7+ Kg8 69. Ba2+ Kh7 70. g8=Q+ Kh6 71. Qg6# {MarcheNael est échec et mat} 1-0

[Event "Tournament 14471 - Europe Echecs"]
[Site "Europe Echecs"]
[Date "2020.07.09"]
[Round "9"]
[Time "18:23:23"]
[PlyCount "153"]
[White "KorchalovskiiM"]
[Black "DelGiovaneFabi"]
[WhiteElo "1593"]
[BlackElo "1629"]
[Mode "WEB"]
[Result "0-1"]

1. d4 Nf6 2. c4 c5 3. d5 e6 4. Nc3 exd5 5. cxd5 d6 6. e4 g6 7. Nf3 Bg7 8. Be2
O-O 9. Bg5 h6 10. Bxf6 Bxf6 11. Nd2 a6 12. a4 Nd7 13. Nc4 Ne5 14. f4 Nxc4 15.
Bxc4 Re8 16. O-O Bxc3 17. bxc3 Rxe4 18. Qd3 Bf5 19. g4 Rxf4 20. gxf5 Qg5+ 21.
Kh1 Rh4 22. Rg1 Qh5 23. Rg2 Re8 24. fxg6 f6 25. Rf1 Kg7 26. Bb3 Rh3 27. Qd2 Rhe3
28. Qf2 Qe5 29. Qf5 Qxf5 30. Rxf5 Re1+ 31. Rg1 Rxg1+ 32. Kxg1 Kxg6 33. Bc2 Kg7
34. c4 Re1+ 35. Kf2 Rc1 36. Bb3 Rc3 37. Rf3 Rc1 38. Kg3 Kg6 39. Kf4 Rh1 40. h3
Re1 41. Rg3+ Kf7 42. Kf5 Re5+ 43. Kf4 Re1 44. Re3 Rb1 45. Ke4 Rb2 46. Rc3 Kg7
47. Rg3+ Kf7 48. Bd1 Rb4 49. Kd3 b5 50. Bh5+ Kf8 51. cxb5 Rb3+ 52. Kc4 Rxg3 53.
bxa6 Rg7 54. Kb5 f5 55. Kb6 c4 56. a7 Rxa7 57. Kxa7 c3 58. Bd1 f4 59. Kb6 f3 60.
a5 f2 61. a6 f1=Q 62. a7 Qf2+ 63. Kb7 Qb2+ 64. Kc8 Qa3 65. Kb8 Qb4+ 66. Kc8 Qa5
67. Kb8 Qb6+ 68. Ka8 Ke7 69. h4 Kf6 70. h5 Ke5 71. Bf3 c2 72. Be4 c1=Q 73. Bc2
Qcb2 74. Bb3 Qd8+ 75. Kb7 Qxb3+ 76. Ka6 Qdb6# {KorchalovskiiM est échec et mat} 0-1

[Event "Tournament 14471 - Europe Echecs"]
[Site "Europe Echecs"]
[Date "2020.07.09"]
[Round "9"]
[Time "18:23:23"]
[PlyCount "81"]
[White "BerthouJules"]
[Black "MateriaMatteo"]
[WhiteElo "1390"]
[BlackElo "1595"]
[Mode "WEB"]
[Result "0-1"]

1. b3 e5 2. Bb2 Nc6 3. e3 Nf6 4. Nf3 d6 5. d4 exd4 6. Nxd4 Nxd4 7. Qxd4 c5 8.
Qa4+ Bd7 9. Bb5 d5 10. Bxf6 gxf6 11. Bxd7+ Qxd7 12. Qxd7+ Kxd7 13. Nc3 Kc6 14.
O-O-O Rd8 15. Rd2 d4 16. exd4 Bh6 17. d5+ Kd7 18. Ne4 Bxd2+ 19. Kxd2 Kc8 20. c4
b6 21. Nxf6 Rd6 22. Ne4 Rg6 23. g3 f5 24. Nc3 h5 25. Nb5 a6 26. Na7+ Kb7 27. Nc6
h4 28. Re1 Rh7 29. Re8 hxg3 30. hxg3 Rh2 31. Re7+ Kc8 32. Re2 Rf6 33. Ke3 Rh8
34. Kf4 Rh7 35. Kg5 Rf8 36. Re7 Rff7 37. Re8+ Kc7 38. Ra8 Rhg7+ 39. Kf4 Rg4+ 40.
Ke5 Re4# {BerthouJules est échec et mat} 0-1

[Event "Tournament 14471 - Europe Echecs"]
[Site "Europe Echecs"]
[Date "2020.07.09"]
[Round "9"]
[Time "18:23:23"]
[PlyCount "55"]
[White "TulliezAndre"]
[Black "PorsoughyanEri"]
[WhiteElo "1777"]
[BlackElo "1474"]
[Mode "WEB"]
[Result "0-1"]

1. e4 e6 2. d4 d5 3. Nc3 Nf6 4. Bg5 Be7 5. e5 Nfd7 6. Bxe7 Qxe7 7. f4 a6 8. Nf3
c5 9. Bd3 Nc6 10. Qd2 cxd4 11. Ne2 f6 12. exf6 Nxf6 13. O-O-O Bd7 14. Rhe1 O-O-O
15. Nexd4 Nxd4 16. Nxd4 g6 17. Qa5 Qd6 18. Re5 Ng4 19. Qc3+ Kb8 20. Re2 Qxf4+
21. Kb1 Rc8 22. Qb4 e5 23. Bxa6 Rc7 24. g3 Qf6 25. Nb5 Qxa6 26. Nxc7 Qxe2 27.
Re1 Qc4 {TulliezAndre a abandonné} 0-1

[Event "Tournament 14471 - Europe Echecs"]
[Site "Europe Echecs"]
[Date "2020.07.09"]
[Round "9"]
[Time "18:23:23"]
[PlyCount "52"]
[White "BrehautCarl"]
[Black "PousAntoine"]
[WhiteElo "1960"]
[BlackElo "1554"]
[Mode "WEB"]
[Result "1-0"]

1. d4 d5 2. c4 dxc4 3. Nf3 Nf6 4. e3 c5 5. Bxc4 Nc6 6. O-O e6 7. Nc3 a6 8. dxc5
Qxd1 9. Rxd1 Bxc5 10. b3 b5 11. Be2 O-O 12. Bb2 Bb7 13. Rac1 Bb6 14. Bd3 e5 15.
Ne4 Nb4 16. Nxf6+ gxf6 17. Bb1 Rfd8 18. a3 Nd5 19. Nd2 Ne7 20. Ne4 Kg7 21. Ng3
Bd5 22. b4 Bb3 23. Rxd8 Rxd8 24. Nh5+ Kh8 25. Nxf6 Rd2 26. Bxe5 {PousAntoine a abandonné} 1-0

[Event "Tournament 14471 - Europe Echecs"]
[Site "Europe Echecs"]
[Date "2020.07.09"]
[Round "9"]
[Time "18:23:23"]
[PlyCount "102"]
[White "LecciaThomas"]
[Black "DincovIoan"]
[WhiteElo "1893"]
[BlackElo "1549"]
[Mode "WEB"]
[Result "1-0"]

1. e4 e6 2. d4 d5 3. Bd3 Nf6 4. e5 Nfd7 5. Ne2 b6 6. O-O Ba6 7. f4 Bxd3 8. Qxd3
c5 9. c3 Nc6 10. f5 cxd4 11. fxe6 fxe6 12. Nf4 Ncxe5 13. Qh3 dxc3 14. Qxe6+ Qe7
15. Qxd5 Qc5+ 16. Kh1 Qxd5 17. Nxd5 O-O-O 18. Nbxc3 Bc5 19. h3 Rhf8 20. Bg5 Rde8
21. b4 Bd4 22. Rfd1 Nc6 23. b5 Bxc3 24. bxc6 Bxa1 25. cxd7+ Kxd7 26. Nf6+ Kc6
27. Nxe8 Rxe8 28. Rxa1 h6 29. Bf4 g5 30. Bg3 Re3 31. Rc1+ Kb7 32. Bd6 Rd3 33.
Bf8 h5 34. Rf1 Rd2 35. a3 Ka6 36. Be7 g4 37. Kh2 Rd3 38. hxg4 hxg4 39. Rf4 g3+
40. Kh3 Rd7 41. Bb4 Rd3 42. Rf3 Rd7 43. Kxg3 Kb5 44. Rf5+ Ka4 45. Kf3 a5 46. Bf8
Rd3+ 47. Ke4 Rd2 48. g4 Rg2 49. g5 Re2+ 50. Kd5 Re1 51. g6 {DincovIoan a abandonné} 1-0

[Event "Tournament 14471 - Europe Echecs"]
[Site "Europe Echecs"]
[Date "2020.07.09"]
[Round "9"]
[Time "18:23:23"]
[PlyCount "70"]
[White "DelestreAnatol"]
[Black "DaudeAlexandre"]
[WhiteElo "1768"]
[BlackElo "1518"]
[Mode "WEB"]
[Result "1-0"]

1. d4 e6 2. e4 d5 3. Nc3 Bb4 4. Nge2 c5 5. exd5 exd5 6. dxc5 Bxc3+ 7. Nxc3 d4 8.
Ne4 Nc6 9. Nd6+ Kf8 10. Bc4 Qa5+ 11. Bd2 Qxc5 12. Nxf7 Qxc4 13. Nxh8 Bf5 14. f3
Bxc2 15. Qc1 Re8+ 16. Kf2 Qe2+ 17. Kg3 Qe5+ 18. Bf4 Qe2 19. Bd6+ Nce7 20. Re1
Qc4 21. Qf4+ Nf6 22. Bxe7+ Rxe7 23. Qb8+ Re8 24. Rxe8+ Nxe8 25. Re1 Qc6 26. Qxa7
Qd6+ 27. Kf2 Qf6 28. Qc5+ Nd6 29. Qxc2 Qh4+ 30. Kf1 Qxh2 31. Qc5 Qh1+ 32. Kf2
Qh4+ 33. Ke2 Qe7+ 34. Kd1 Qd7 35. Qxd4 {DaudeAlexandre a abandonné} 1-0

[Event "Tournament 14471 - Europe Echecs"]
[Site "Europe Echecs"]
[Date "2020.07.09"]
[Round "9"]
[Time "18:23:23"]
[PlyCount "45"]
[White "MichelDeletieO"]
[Black "DimeyGabertQue"]
[WhiteElo "1558"]
[BlackElo "1758"]
[Mode "WEB"]
[Result "1-0"]

1. e4 c5 2. Nf3 Nc6 3. d4 cxd4 4. Nxd4 g6 5. Nc3 Bg7 6. Be3 Nf6 7. f3 O-O 8. Qd2
d5 9. O-O-O dxe4 10. fxe4 Bg4 11. Be2 Nxd4 12. Bxd4 Bxe2 13. Qxe2 Qc7 14. Kb1
Qf4 15. Rdf1 Qd6 16. Bxf6 Bxf6 17. Nd5 Bg7 18. h4 Rfd8 19. h5 Qe5 20. Nc3 Rab8
21. hxg6 hxg6 22. Qf3 Re8 {DimeyGabertQue a abandonné} 1-0

[Event "Tournament 14471 - Europe Echecs"]
[Site "Europe Echecs"]
[Date "2020.07.09"]
[Round "9"]
[Time "18:23:23"]
[PlyCount "133"]
[White "MoraisThomas"]
[Black "GuichonPaul"]
[WhiteElo "1710"]
[BlackElo "1486"]
[Mode "WEB"]
[Result "0-1"]

1. e4 g6 2. d4 c6 3. Nc3 d5 4. Be3 Bg7 5. Qd2 dxe4 6. Nxe4 Nf6 7. Nxf6+ exf6 8.
O-O-O O-O 9. Bh6 Be6 10. Kb1 b5 11. h4 a5 12. h5 a4 13. Bxg7 Kxg7 14. hxg6 fxg6
15. Qh6+ Kf7 16. Qxh7+ Ke8 17. Qxg6+ Kd7 18. Re1 Re8 19. Rh7+ Kc8 20. Nf3 Nd7
21. Bd3 Kb7 22. Bf5 Bxf5 23. Qxf5 Rxe1+ 24. Nxe1 Kc8 25. Nd3 Ra7 26. Nc5 Qe8 27.
Qe6 Kd8 28. Qxe8+ Kxe8 29. Rxd7 Rxd7 30. Nxd7 Kxd7 31. Kc1 Ke6 32. Kd2 Kf5 33.
Ke3 Kg4 34. Ke4 Kg5 35. f3 Kg6 36. d5 cxd5+ 37. Kxd5 Kf5 38. Kc5 Kf4 39. Kxb5
Kg3 40. c4 Kxg2 41. c5 Kxf3 42. c6 a3 43. c7 axb2 44. c8=Q b1=Q+ 45. Ka5 Qxa2+
46. Kb4 Qb2+ 47. Ka4 Qd4+ 48. Kb3 Qe3+ 49. Kc2 Qe4+ 50. Kd2 Qd4+ 51. Ke1 Qe3+
52. Kd1 Qd3+ 53. Kc1 f5 54. Qc6+ Qe4 55. Qg6 f4 56. Qh5+ Ke3 57. Qc5+ Qd4 58.
Qa3+ Kf2 59. Qa2+ Kg3 60. Qg8+ Kf2 61. Qa2+ Kf3 62. Qa8+ Qe4 63. Qh8 Qc4+ 64.
Kd1 Ke3 65. Qe5+ Qe4 66. Qg5 Qb1# {MoraisThomas est échec et mat} 0-1

[Event "Tournament 14471 - Europe Echecs"]
[Site "Europe Echecs"]
[Date "2020.07.09"]
[Round "9"]
[Time "18:23:23"]
[PlyCount "145"]
[White "DruonThibault"]
[Black "BagAyoub"]
[WhiteElo "1644"]
[BlackElo "1467"]
[Mode "WEB"]
[Result "0-1"]

1. d4 d5 2. c4 e6 3. Nc3 Nf6 4. cxd5 exd5 5. Bg5 Be7 6. e3 O-O 7. Bd3 c6 8. Qc2
h6 9. Bf4 Bd6 10. Bxd6 Qxd6 11. Nge2 Bg4 12. f3 Be6 13. O-O Nbd7 14. e4 dxe4 15.
fxe4 Qe7 16. Rae1 Nb6 17. Nf4 Bc4 18. e5 Bxd3 19. Qxd3 Nfd5 20. Ne4 Nxf4 21.
Rxf4 Nd5 22. Rg4 f5 23. exf6 Nxf6 24. Rg3 Nxe4 25. Rxe4 Qf7 26. h3 Qxa2 27. Re7
Rf7 28. Qe3 Rxe7 29. Qxe7 Qf7 30. Qe3 Kh8 31. Rf3 Qd7 32. Rg3 Rd8 33. Rg4 Re8
34. Qd2 Rd8 35. Qe3 Re8 36. Qd2 Qe7 37. Kh2 Qe2 38. Qf4 Qe6 39. Qc7 Re7 40. Qb8+
Kh7 41. Qxa7 Qd6+ 42. Kg1 Re1+ 43. Kf2 Qe7 44. Qa3 Qe2+ 45. Kg3 Rg1 46. Kf4 Rxg2
47. Rxg2 Qxg2 48. Qd3+ Kh8 49. Qc4 Qg5+ 50. Kf3 Qf6+ 51. Ke3 Kh7 52. Qd3+ Qg6
53. Qc4 h5 54. Qb4 Qe6+ 55. Kd3 Qd7 56. Qc5 Kg6 57. h4 Qf5+ 58. Kc3 Qxc5+ 59.
dxc5 Kf5 60. Kb4 g5 61. Ka5 gxh4 62. Kb6 h3 63. Kxb7 h2 64. Kxc6 h1=Q+ 65. Kc7
Ke6 66. c6 Qd5 67. b4 Qb5 68. Kd8 Qxb4 69. c7 Qb6 70. Kc8 Kd6 71. Kd8 Qxc7+ 72.
Ke8 Qe7# {DruonThibault est échec et mat} 0-1

[Event "Tournament 14471 - Europe Echecs"]
[Site "Europe Echecs"]
[Date "2020.07.09"]
[Round "9"]
[Time "18:23:23"]
[PlyCount "121"]
[White "GrondinMarine"]
[Black "MareauTimothe"]
[WhiteElo "1533"]
[BlackElo "1642"]
[Mode "WEB"]
[Result "0-1"]

1. e4 e6 2. d4 d5 3. exd5 exd5 4. Bd3 Bd6 5. c3 Ne7 6. Nf3 O-O 7. h3 Bf5 8. O-O
Nd7 9. Be3 c6 10. Re1 Bxd3 11. Qxd3 h6 12. Nbd2 Nf6 13. Re2 Re8 14. Rae1 Qd7 15.
Ne5 Qc7 16. Ndf3 Nd7 17. Bd2 Nxe5 18. Nxe5 Bxe5 19. Rxe5 Qd7 20. Qf3 Ng6 21.
Rxe8+ Rxe8 22. Rxe8+ Qxe8 23. Qe3 Qxe3 24. Bxe3 Ne7 25. g4 f5 26. Bf4 Kf7 27.
Be5 fxg4 28. hxg4 Ng6 29. f4 Nf8 30. Kf2 Nd7 31. Kf3 Nb6 32. b3 Nd7 33. Kg3 g5
34. f5 b5 35. Kf3 a5 36. a4 bxa4 37. bxa4 Nb6 38. Bc7 Nxa4 39. Bxa5 Nb2 40. Ke2
Ke7 41. Bc7 Nc4 42. Be5 Kf7 43. Bb8 Kf6 44. Ba7 h5 45. gxh5 Kxf5 46. Bb8 g4 47.
Kf2 Kg5 48. Bf4+ Kxf4 49. h6 Nd6 50. h7 Nf7 51. Kg2 Nh8 52. Kf2 g3+ 53. Kg2 Kg4
54. Kf1 Kf3 55. Kg1 g2 56. Kh2 Kf2 57. Kh3 g1=Q 58. Kh4 Kf3 59. Kh5 Qg6+ 60. Kh4
Qg4# {GrondinMarine est échec et mat} 0-1

[Event "Tournament 14471 - Europe Echecs"]
[Site "Europe Echecs"]
[Date "2020.07.09"]
[Round "9"]
[Time "18:23:23"]
[PlyCount "65"]
[White "MorenoChabotCl"]
[Black "BousmahaLeila"]
[WhiteElo "1476"]
[BlackElo "1638"]
[Mode "WEB"]
[Result "0-1"]

1. d4 d5 2. c4 Bf5 3. cxd5 Bxb1 4. Rxb1 Qxd5 5. e3 Qxa2 6. Qc2 Nc6 7. Bb5 Qa5+
8. Bd2 Qxb5 9. Nf3 e6 10. Ra1 Bb4 11. Bxb4 Nxb4 12. Qxc7 Nd3+ 13. Kd2 Ne7 14.
Ra5 Qb4+ 15. Kxd3 Rc8 16. Qe5 Qc4+ 17. Ke4 Qc2+ 18. Kf4 Ng6+ 19. Kg3 Nxe5 20.
dxe5 h5 21. Rxa7 Qxb2 22. Rha1 h4+ 23. Nxh4 Qxe5+ 24. f4 Qxe3+ 25. Nf3 Qc3 26.
R1a3 Qc5 27. R3a5 Qc6 28. Ra1 Rh6 29. Rb1 Rg6+ 30. Kh3 Qc5 31. Rbxb7 Qh5+ 32.
Nh4 Qg4# {MorenoChabotCl est échec et mat} 0-1

[Event "Tournament 14471 - Europe Echecs"]
[Site "Europe Echecs"]
[Date "2020.07.09"]
[Round "9"]
[Time "18:23:23"]
[PlyCount "82"]
[White "MaziarzPierre"]
[Black "GrimaultLeane"]
[WhiteElo "1424"]
[BlackElo "1622"]
[Mode "WEB"]
[Result "1/2-1/2"]

1. d4 d5 2. c4 e6 3. Nf3 Nf6 4. g3 Bb4+ 5. Bd2 Bxd2+ 6. Qxd2 O-O 7. Bg2 c6 8.
O-O Nbd7 9. Qc2 dxc4 10. Qxc4 Nb6 11. Qc2 h6 12. Rd1 Bd7 13. e4 Rc8 14. Nc3 c5
15. dxc5 Rxc5 16. b4 Rc8 17. Rac1 Qc7 18. Qd2 Nc4 19. Qd4 Qb6 20. e5 Qxd4 21.
Rxd4 Nd5 22. Nxd5 exd5 23. Rxd5 Nxe5 24. Rxc8 Rxc8 25. Rc5 Rxc5 26. bxc5 Nxf3+
27. Bxf3 Bc6 28. Kg2 Kf8 29. Bxc6 bxc6 30. Kf3 Ke7 31. Ke4 Ke6 32. a4 a5 33. f4
f5+ 34. Kd4 g6 35. h4 Kf6 36. Ke3 g5 37. h5 gxf4+ 38. gxf4 Kf7 39. Kd3 Ke7 40.
Kd4 Ke6 41. Kc4 {Nulle par accord mutuel} 1/2-1/2

[Event "Tournament 14471 - Europe Echecs"]
[Site "Europe Echecs"]
[Date "2020.07.09"]
[Round "9"]
[Time "18:23:23"]
[PlyCount "129"]
[White "DavtianArmen"]
[Black "GignouxPezzett"]
[WhiteElo "1413"]
[BlackElo "1605"]
[Mode "WEB"]
[Result "1/2-1/2"]

1. d4 d5 2. c4 e6 3. Nc3 Nf6 4. Bg5 Nbd7 5. e3 c6 6. Nf3 Qa5 7. Bxf6 Nxf6 8.
cxd5 Nxd5 9. Qc2 Bb4 10. Rc1 O-O 11. Bc4 Re8 12. O-O Bd7 13. Nxd5 exd5 14. Bd3
h6 15. a3 Bd6 16. Qc3 Qc7 17. h3 Rac8 18. b4 a6 19. Qd2 Ra8 20. a4 Qd8 21. Qb2
Qf6 22. b5 axb5 23. axb5 Rec8 24. Rc3 Bxh3 25. bxc6 bxc6 26. Rfc1 Bd7 27. Qc2
Rab8 28. Rb1 Rxb1+ 29. Qxb1 Rb8 30. Qc2 Ra8 31. Rb3 Ra1+ 32. Rb1 Rxb1+ 33. Qxb1
Bg4 34. Be2 g6 35. Qb7 Be7 36. Kf1 Kg7 37. Ne5 Bxe2+ 38. Kxe2 c5 39. Qxd5 cxd4
40. Qxd4 Qa6+ 41. Qd3 Qa2+ 42. Kf3 Bf6 43. Ng4 Qa8+ 44. Qe4 Qa6 45. Nxf6 Qxf6+
46. Qf4 Qc6+ 47. Qe4 Qf6+ 48. Qf4 g5 49. Qxf6+ Kxf6 50. Ke4 Kg6 51. f4 f6 52.
Kf3 f5 53. fxg5 Kxg5 54. g3 h5 55. Kf2 Kg4 56. Kg2 Kg5 57. Kf3 Kf6 58. Kf4 Kg6
59. e4 fxe4 60. Kxe4 Kg5 61. Kf3 h4 62. g4 h3 63. Kg3 h2 64. Kxh2 Kxg4 {Aucun joueur n'a le mat&eacute;riel pour mater} 1/2-1/2

[Event "Tournament 14471 - Europe Echecs"]
[Site "Europe Echecs"]
[Date "2020.07.09"]
[Round "9"]
[Time "18:23:23"]
[PlyCount "93"]
[White "CiarlettaUlyss"]
[Black "PeyquetMaelys"]
[WhiteElo "1599"]
[BlackElo "1257"]
[Mode "WEB"]
[Result "0-1"]

1. d4 d5 2. c4 e6 3. cxd5 exd5 4. Nc3 Nf6 5. Bg5 Bb4 6. Nf3 Bxc3+ 7. bxc3 Qd6 8.
Nd2 O-O 9. e3 Bf5 10. c4 Nbd7 11. Bf4 Qb6 12. c5 Qa5 13. Be2 c6 14. O-O b6 15.
cxb6 axb6 16. Nb3 Qa7 17. Qc1 c5 18. dxc5 bxc5 19. Bd6 Rfc8 20. Qd2 Qb6 21. Bg3
Rd8 22. Bf3 Ra7 23. Rfd1 Be4 24. Be2 c4 25. Nd4 Rc8 26. Qc3 Qc5 27. f3 Ra3 28.
Qc1 Bg6 29. Bf2 Nb6 30. Nb5 Ra5 31. Nc3 Na4 32. e4 Qb4 33. Nxd5 Nxd5 34. exd5 c3
35. d6 c2 36. Rd4 Qb7 37. d7 Rd8 38. Qd2 Qb1+ 39. Qc1 Nc3 40. Bf1 Qxc1 41. Rxc1
Nxa2 42. Rc4 Nxc1 43. Rc8 Ra8 44. Rxc2 Bxc2 45. Bb5 Nd3 46. Bb6 Ra1# {CiarlettaUlyss est échec et mat} 0-1